00596nam a22001817a 450000500170000001000150001702000260003203500130005803700130007108200120008410000180009624500950011426000360020927000780024530000270032350000500035070000140040020100819160056.0 aENG-100971 a9788132100751c550.00 aEN-84504 bDBAD/PUB a658.312 aChanda, Ashok aHRM strategic integration and organizational performance /cby Ashok Chanda [and] Jie Shen aNew DelhibResponse Booksc2009 aB1/I-1 Mohan Cooperative Industrial Area, Mathura RoadbNew Delhie110044 axxiv,384p.c22cm (pbk) aIncludes bibliographical references and index aShen, Jie